MARC details
| 000 -LEADER |
| fixed length control field |
01261cam a2200301 4500 |
| 001 - CONTROL NUMBER |
| control field |
801719 |
| 003 - CONTROL NUMBER IDENTIFIER |
| control field |
OSt |
| 005 - DATE AND TIME OF LATEST TRANSACTION |
| control field |
20230703093602.0 |
| 008 - FIXED-LENGTH DATA ELEMENTS--GENERAL INFORMATION |
| fixed length control field |
691125s1969 ncu 101 0 eng |
| 010 ## - LIBRARY OF CONGRESS CONTROL NUMBER |
| LC control number |
75079965 |
| 020 ## - INTERNATIONAL STANDARD BOOK NUMBER |
| International Standard Book Number |
0822300222 |
| 040 ## - CATALOGING SOURCE |
| Original cataloging agency |
DLC |
| Transcribing agency |
DLC |
| Modifying agency |
DLC |
| 043 ## - GEOGRAPHIC AREA CODE |
| Geographic area code |
d------ |
| 050 00 - LIBRARY OF CONGRESS CALL NUMBER |
| Classification number |
JF60 |
| Item number |
.P63 |
| 082 00 - DEWEY DECIMAL CLASSIFICATION NUMBER |
| Classification number |
350 |
| Item number |
BRA |
| 245 00 - TITLE STATEMENT |
| Title |
Political and administrative development |
| Statement of responsibility, etc. |
[by] Ralph Braibanti [and others] Edited by Ralph Braibanti. |
| 260 ## - PUBLICATION, DISTRIBUTION, ETC. (IMPRINT) |
| Place of publication, distribution, etc. |
Durham, N.C., |
| Name of publisher, distributor, etc. |
Published for the Duke University Commonwealth-Studies Center [by] Duke University Press, |
| Date of publication, distribution, etc. |
1969. |
| 300 ## - PHYSICAL DESCRIPTION |
| Extent |
xxvii, 688 p. |
| Dimensions |
24 cm. |
| 490 1# - SERIES STATEMENT |
| Series statement |
Commonwealth-Studies Center. Publication 36 |
| 500 ## - GENERAL NOTE |
| General note |
Revisions of papers presented at an international conference sponsored by the Duke University Commonwealth-Studies Center and held in Bellagio, Italy, July 16-22, 1967. |
| 650 #0 - SUBJECT ADDED ENTRY--TOPICAL TERM |
| Topical term or geographic name as entry element |
Public administration |
| Geographic subdivision |
Developing countries. |
| 651 #0 - SUBJECT ADDED ENTRY--GEOGRAPHIC NAME |
| Geographic name |
Developing countries |
| General subdivision |
Politics and government. |
| 700 1# - ADDED ENTRY--PERSONAL NAME |
| Personal name |
Braibanti, Ralph J. D., |
| Relator term |
ed. |
| 710 2# - ADDED ENTRY--CORPORATE NAME |
| Corporate name or jurisdiction name as entry element |
Duke University. |
| Subordinate unit |
Commonwealth-Studies Center. |
| 830 #0 - SERIES ADDED ENTRY--UNIFORM TITLE |
| Uniform title |
Publication (Duke University. Commonwealth-Studies Center) ; |
| Volume number/sequential designation |
no. 36. |
| 906 ## - LOCAL DATA ELEMENT F, LDF (RLIN) |
| a |
7 |
| b |
cbc |
| c |
orignew |
| d |
u |
| e |
ncip |
| f |
19 |
| g |
y-gencatlg |
| 942 ## - ADDED ENTRY ELEMENTS (KOHA) |
| Source of classification or shelving scheme |
Dewey Decimal Classification |
| Koha item type |
Books |